Religión y política en Pierre Bourdieu: análisis a partir de un caso boliviano /
Se realiza una síntesis teórica del análisis de Bourdieu de su posición sobre la política y la religión, siendo esto puente para observar la contribución de Néstor Paz Zamora, considerado como profeta desde la conceptualización de Bourdieu y por sus acciones en Bolivia
Guardado en:
| Hovedforfatter: | |
|---|---|
| Format: | Texto |
| Fag: | |
| Tags: |
Tilføj Tag
Ingen Tags, Vær først til at tagge denne postø!
|
MARC
| LEADER | 00000 a a2200000 04500 | ||
|---|---|---|---|
| 001 | 14367 | ||
| 003 | |||
| 040 | |||
| 100 | |a Suárez, Hugo José | ||
| 245 | |a Religión y política en Pierre Bourdieu: |b análisis a partir de un caso boliviano / |c Hugo José Suárez | ||
| 520 | |a Se realiza una síntesis teórica del análisis de Bourdieu de su posición sobre la política y la religión, siendo esto puente para observar la contribución de Néstor Paz Zamora, considerado como profeta desde la conceptualización de Bourdieu y por sus acciones en Bolivia | ||
| 650 | |a TEORIA | ||
| 650 | |a RELIGION | ||
| 650 | |a RACIONALISMO | ||
| 773 | |g volumen 4, número 6 -7; páginas 219-231 | ||
| 999 | |c 27415 |d 27415 | ||
